[Event "Capablanca mem Open"]
[Site "Havana CUB"]
[Date "2006.11.23"]
[Round "3"]
[White "Hoi,C"]
[Black "Marrero,Y"]
[Result "1-0"]
[WhiteElo "2413"]
[BlackElo "2252"]

1.d4 d5 2.Nf3 Nf6 3.c4 c6 4.Nc3 e6 5.e3 Nbd7 6.Bd3 dxc4 7.Bxc4 b5 8.Bd3 Bb7
9.e4 b4 10.Na4 c5 11.e5 Nd5 12.Nxc5 Bxc5 13.dxc5 Nxc5 14.Bb5+ Kf8 15.O-O Qb6
16.Bc4 h6 17.Bxd5 Bxd5 18.Be3 Qb5 19.Nd4 Qb7 20.Rc1 Nd7 21.f4 Kg8 22.f5 Nxe5
23.Bf4 Nc6 24.Nxc6 Bxc6 25.fxe6 fxe6 26.Be5 Kh7 27.Rf4 Rac8 28.Qd3+ Kg8 29.Rg4 Rh7
30.Rgc4 Qb5 31.Qd6 Qb6+ 32.Bd4 Qd8 33.Qxe6+ Kh8 34.Qxc8  1-0

[Event "ch-ESP Abierto"]
[Site "Leon ESP"]
[Date "2006.11.23"]
[Round "2"]
[White "Franco Alonso,A"]
[Black "Bayon Fernandez,R"]
[Result "1-0"]
[WhiteElo "2421"]
[BlackElo "2182"]

1.d4 d5 2.c4 c6 3.Nc3 Nf6 4.e3 e6 5.Nf3 Nbd7 6.Qc2 Bd6 7.Be2 O-O 8.O-O e5
9.cxd5 cxd5 10.Nb5 Bb8 11.dxe5 Nxe5 12.Bd2 Nfg4 13.Nbd4 Qf6 14.Bc3 Nxf3+
15.Nxf3 Qd6 16.g3 Qh6 17.Bb4 Bd6 18.Bxd6 Qxd6 19.Nd4 Qh6 20.Bxg4 Bxg4 21.Qc7 Rac8
22.Qxb7 Rb8 23.Qxa7 Rxb2 24.Rab1 Rxb1 25.Rxb1 Bh3 26.Rb8 Qd6 27.Rxf8+ Kxf8
28.Qa8+ Ke7 29.Qb7+ Kf8 30.Nc6 Bd7 31.Qb4 Qxb4 32.Nxb4 Ke7 33.Nxd5+ Kd6 34.Nf4 g5
35.Nh5 g4 36.Kf1 Ke5 37.Ke2 Bb5+ 38.Kd2 f5 39.Nf4 Ke4 40.Ne2 Bc4 41.a4 Kf3
42.Nd4+ Kxf2 43.Nxf5 Kg2 44.e4 Kxh2 45.Ke3 h5 46.Kf4 Bd3 47.a5 Kh3 48.e5 Bxf5
49.Kxf5 h4 50.e6 hxg3 51.e7 g2 52.e8=Q g1=Q 53.Qh5+  1-0

[Event "1st GMA Cup"]
[Site "Manila PHI"]
[Date "2006.11.23"]
[Round "9"]
[White "Wang Rui"]
[Black "Paragua,M"]
[Result "1-0"]
[WhiteElo "2463"]
[BlackElo "2587"]

1.d4 d5 2.c4 c6 3.e3 Nf6 4.Nc3 e6 5.Nf3 Nbd7 6.Qc2 Bd6 7.Bd3 O-O 8.O-O dxc4
9.Bxc4 a6 10.Rd1 c5 11.dxc5 Bxc5 12.b3 b5 13.Bd3 Bb7 14.Ng5 h6 15.Nge4 Nxe4
16.Nxe4 Be7 17.Bb2 Rc8 18.Qe2 f5 19.Ng3 Qe8 20.Nh5 e5 21.Rac1 Rxc1 22.Rxc1 Bd6
23.Rd1 Bb8 24.Bb1 Qe6 25.Rd2 Qc6 26.Qf1 g6 27.Ng3 Nf6 28.Ne2 b4 29.Bd3 Kh7
30.Bc4 f4 31.exf4 Ne4 32.Rc2 Qd7 33.Ng3 Nxg3 34.hxg3 exf4 35.gxf4 Rxf4 36.Qd3 Qxd3
37.Bxd3 Rg4 38.g3 Rg5 39.Re2 Bxg3 40.Bf6  1-0

[Event "19th Belgrade Trophy"]
[Site "Belgrade SRB"]
[Date "2006.11.24"]
[Round "3"]
[White "Djekovic,Z"]
[Black "Mihic,B"]
[Result "0-1"]
[WhiteElo "2023"]
[BlackElo "2346"]

1.d4 e6 2.c4 Nf6 3.Nf3 d5 4.Nc3 c6 5.e3 Nbd7 6.Bd3 dxc4 7.Bxc4 b5 8.Bd3 Bb7
9.O-O a6 10.e4 c5 11.e5 Nd5 12.Ng5 N7b6 13.Nxh7 cxd4 14.Nxb5 axb5 15.Bxb5+ Nd7
16.Qh5 g6 17.Bxd7+ Kxd7 18.Nxf8+ Qxf8 19.Qg4 Rh5 20.Qxd4 Qb4 21.Be3 Qxd4
22.Bxd4 Nf4 23.Rfd1 Ne2+ 24.Kf1 Nxd4 25.Rxd4+ Bd5 26.f4 Rxh2 27.Rad1 Rxa2
28.R1d2  0-1

[Event "Capablanca mem Elite"]
[Site "Havana CUB"]
[Date "2006.11.24"]
[Round "4"]
[White "Miton,K"]
[Black "Nogueiras,J"]
[Result "1/2-1/2"]
[WhiteElo "2638"]
[BlackElo "2554"]

1.Nf3 d5 2.c4 e6 3.d4 c6 4.Nc3 Nf6 5.e3 Nbd7 6.Qc2 Bd6 7.Be2 O-O 8.b3 b6
9.O-O Bb7 10.Bb2 Qe7 11.Rad1 Rfe8 12.e4 Nxe4 13.Nxe4 dxe4 14.Qxe4 Nf6 15.Qc2 c5
16.dxc5 Bxc5 17.Ng5 Rad8 18.Bxf6 Qxf6 19.Qxh7+ Kf8 20.Qh5 Ke7 21.Bf3 Bxf3
22.Nxf3 Rxd1 23.Rxd1 Rd8 24.Rf1 a5 25.Qg4 g6 26.Qe4 Qf5 27.Qe2 Qd3 28.Qb2 f6
29.a3 Kf7 30.b4 Be7 31.Qc1 axb4 32.axb4 Bxb4 33.Qf4 Bd6 34.Qg4 Qf5 35.Qxf5 exf5
36.Rc1  1/2-1/2

[Event "ch-ESP Abierto"]
[Site "Leon ESP"]
[Date "2006.11.24"]
[Round "3"]
[White "Cubas Pons,Ju"]
[Black "Fernandez Calzada,J"]
[Result "1-0"]
[WhiteElo "2211"]
[BlackElo "1959"]

1.d4 Nf6 2.Nf3 e6 3.c4 d5 4.Nc3 c6 5.e3 Bd6 6.Qc2 Nbd7 7.Bd3 Qc7 8.O-O Nf8
9.c5 Be7 10.b4 a6 11.a4 Ng6 12.Bb2 O-O 13.b5 Bd7 14.bxa6 bxa6 15.a5 Rfd8
16.Na4 Ra7 17.Nb6 Bc8 18.Bxg6 hxg6 19.Ne5 Bd7 20.f4 Be8 21.Rf3 Ne4 22.Rh3 f6
23.Nf3 Bf8 24.Qe2 Qe7 25.Qe1 g5 26.fxg5 fxg5 27.Ne5 g6 28.Qe2 Bg7 29.Nd3 Bf7
30.Nb4 Qb7 31.Rf1 Rf8 32.Qg4 Nd2 33.Qxg5 Nxf1 34.Qh4 Be8 35.Qh7+ Kf7 36.Rf3+ Ke7
37.Qxg7+ Rf7 38.Rxf7+ Bxf7 39.Kxf1 Qc7 40.Bc3 Ke8 41.Qh8+ Ke7 42.Nc8+ Kd7
43.Nxa7 Qxa7 44.Qf8  1-0

[Event "1st Magistral Endesa"]
[Site "Santiago CHI"]
[Date "2006.11.24"]
[Round "9"]
[White "Valenzuela Fuentealba,L"]
[Black "Vasquez,R"]
[Result "1/2-1/2"]
[WhiteElo "2415"]
[BlackElo "2519"]

1.d4 d5 2.c4 c6 3.Nf3 Nf6 4.Nc3 e6 5.e3 Nbd7 6.Qc2 a6 7.b3 Bd6 8.Be2 O-O
9.O-O e5 10.cxd5 cxd5 11.dxe5 Nxe5 12.Bb2 Qc7 13.g3 Be6 14.Rac1 Rac8 15.Qb1 Qe7
16.Rcd1 Rfd8 17.Nd4 Bb4  1/2-1/2

[Event "19th Belgrade Trophy"]
[Site "Belgrade SRB"]
[Date "2006.11.25"]
[Round "4"]
[White "Pucarevic,M"]
[Black "Stancic,L"]
[Result "1-0"]
[WhiteElo "2228"]
[BlackElo "1927"]

1.d4 e6 2.Nf3 d5 3.c4 Nf6 4.Nc3 c6 5.e3 Nbd7 6.Bd3 dxc4 7.Bxc4 b5 8.Bd3 a6
9.O-O Bb7 10.Qe2 Qc7 11.e4 c5 12.d5 e5 13.b3 Bd6 14.Nh4 O-O 15.Nf5 Rfe8 16.Bxb5 axb5
17.Nxb5 Ba6 18.Nxc7 Bxe2 19.Nxd6 Reb8 20.Nxa8 Bxf1 21.Kxf1 Rxa8 22.f3 Ra6
23.Nc4 Nb6 24.Nxe5  1-0

[Event "Capablanca mem Open"]
[Site "Havana CUB"]
[Date "2006.11.25"]
[Round "5"]
[White "Larduet,C"]
[Black "Marrero,Y"]
[Result "1/2-1/2"]
[WhiteElo "2308"]
[BlackElo "2252"]

1.d4 d5 2.c4 c6 3.Nf3 Nf6 4.Nc3 e6 5.e3 Nbd7 6.Qc2 Bd6 7.g4 dxc4 8.Bxc4 e5
9.g5 Nd5 10.Bd2 exd4 11.Qe4+ Qe7 12.Qxe7+ Nxe7 13.Nxd4 Ne5 14.Be2 Nf5 15.f4 Nxd4
16.fxe5 Nxe2 17.exd6 Nxc3 18.Bxc3 O-O  1/2-1/2

[Event "Capablanca mem Elite"]
[Site "Havana CUB"]
[Date "2006.11.26"]
[Round "6"]
[White "Nogueiras,J"]
[Black "Bareev,E"]
[Result "0-1"]
[WhiteElo "2554"]
[BlackElo "2683"]

1.d4 Nf6 2.Nf3 d5 3.c4 e6 4.Nc3 c6 5.e3 Nbd7 6.Bd3 dxc4 7.Bxc4 b5 8.Bd3 Bb7
9.O-O a6 10.a4 b4 11.Nb1 c5 12.Nbd2 Be7 13.Nc4 O-O 14.Qe2 Qb8 15.Rd1 Rd8
16.Na5 cxd4 17.Nxb7 Qxb7 18.exd4 a5 19.Bf4 Qb6 20.Rac1 Nd5 21.Bg3 Rac8 22.Bb5 Qa7
23.h3 Bf6 24.Qe4 Nf8 25.Rxc8 Rxc8 26.Ne5 Bxe5 27.Bxe5 Qb6 28.h4 Ng6 29.h5 Nxe5
30.dxe5 Qc7 31.Bd3 g6 32.h6 Rd8 33.Bc4 Nb6 34.Rxd8+ Qxd8 35.Bb3 Nd7 36.g3 Qc7
37.Qa8+ Nf8 38.Kg2 Qxe5 39.Bc4 b3 40.Bxb3 Qxb2 41.Qd8 Qe5 42.Bc4 Qe4+ 43.Kh2 Qf3
44.Kg1 Qc3 45.Bf1 Qe5 46.Qa8 Qc7 47.Bb5 e5 48.Qa6 Qd8 49.Bc4 e4 50.Qa7 Qd1+
51.Kg2 Qf3+ 52.Kg1 Qd1+ 53.Kg2 Qf3+ 54.Kg1 e3 55.Qxe3 Qxe3 56.fxe3 Nd7 57.Kf2 Kf8
58.e4 Nc5 59.Ke3 Nxa4 60.Kd4 Nb6 61.Bb3 Ke7 62.e5 a4 63.Ba2 Nd7 64.Ke4 Nc5+
65.Kd4 Ne6+ 66.Ke4 Ng5+ 67.Kf4 f6 68.Bc4 a3 69.Kg4 Nf7  0-1

[Event "Capablanca mem Open"]
[Site "Havana CUB"]
[Date "2006.11.27"]
[Round "7"]
[White "Hernandez,Hold"]
[Black "Otero,D"]
[Result "1-0"]
[WhiteElo "2524"]
[BlackElo "2423"]

1.Nf3 d5 2.c4 c6 3.e3 Nf6 4.Nc3 e6 5.d4 Nbd7 6.Bd3 dxc4 7.Bxc4 b5 8.Bd3 Bb7
9.e4 b4 10.Na4 c5 11.e5 Nd5 12.Nxc5 Nxc5 13.dxc5 Bxc5 14.O-O Ne7 15.Bb5+ Kf8
16.Qe2 Qb6 17.Bd3 Nf5 18.a3 a5 19.axb4 axb4 20.Rxa8+ Bxa8 21.Be4 Bxe4 22.Qxe4 Ke7
23.Bg5+ Kd7 24.Rd1+ Kc7 25.g4 Bxf2+ 26.Kg2 Ne3+ 27.Bxe3 Bxe3 28.Rd6 Qc5 29.Rd3 Bc1
30.Rd4 Kb6 31.Rxb4+ Ka5 32.Rc4 Qe3 33.Ra4+ Kb6 34.Qb4+ Kc7 35.Qd6+  1-0

[Event "Capablanca mem Open"]
[Site "Havana CUB"]
[Date "2006.11.27"]
[Round "7"]
[White "Vera,R"]
[Black "Perez,Or"]
[Result "0-1"]
[WhiteElo "2510"]
[BlackElo "2415"]

1.d4 d5 2.c4 c6 3.Nc3 Nf6 4.e3 e6 5.Nf3 a6 6.b3 Bb4 7.Bd2 Qe7 8.Bd3 Nbd7
9.O-O O-O 10.Qc2 e5 11.dxe5 Nxe5 12.Nxe5 Qxe5 13.cxd5 cxd5 14.Ne2 Bxd2 15.Qxd2 Ng4
16.Nf4 Rd8 17.Rad1 Be6 18.Be2 Nf6 19.Bf3 Rac8 20.Qa5 g5 21.Nxe6 fxe6 22.Rd4 Rd7
23.Rfd1 h5 24.g3 Rdc7 25.e4 g4 26.Bg2 Rc1 27.Qe1 Rxd1 28.Qxd1 dxe4 29.Qd2 Rc5
30.Rd8+ Kg7 31.Qe1 Qb2 32.Rd1 Qxa2 33.Qb4 Qc2 34.Rf1 b5 35.Qa3 Kg6 36.h4 Rf5
37.Qxa6 Qxb3 38.Qb6 Re5 39.Re1 b4 40.Qd4 Qc3 41.Qd1 b3 42.Re3 Qc2 43.Qxc2 bxc2
44.Rc3 e3 45.Kf1 exf2 46.Rxc2 Nd5 47.Kxf2 Kf5 48.Rc4 Kf6 49.Rc8 Rf5+ 50.Ke2 Ke5
51.Rc4 Rf8 52.Be4 Nf6 53.Bg6 Rg8 54.Bd3 Rb8 55.Bg6 Rb2+ 56.Kf1 Rb3 57.Kg2 Rb2+
58.Kf1 Rb7 59.Ke2 Rb3 60.Kf2 Ra3 61.Rf4 Ra2+ 62.Kf1 Ra1+ 63.Kf2 Ra7 64.Rb4 Ra5
65.Rf4 Ra7 66.Rb4 Rd7 67.Rf4 Rd2+ 68.Kf1 Rd4 69.Rxd4 Kxd4 70.Ke2 Ne4  0-1

[Event "Capablanca mem Open"]
[Site "Havana CUB"]
[Date "2006.11.28"]
[Round "8"]
[White "Hernandez,Hold"]
[Black "Haznedaroglu,K"]
[Result "1-0"]
[WhiteElo "2524"]
[BlackElo "2430"]

1.Nf3 d5 2.c4 c6 3.e3 Nf6 4.Nc3 e6 5.d4 Nbd7 6.Bd3 dxc4 7.Bxc4 b5 8.Bd3 Bd6
9.Ng5 Bb7 10.Qf3 Qc7 11.Bd2 b4 12.Nce4 Be7 13.O-O h6 14.Nxf6+ gxf6 15.Nxf7 Kxf7
16.Qh5+ Kf8 17.e4 Kg7 18.Bc4 Nf8 19.Rae1 Qd7 20.Re3 Nh7 21.e5 Ng5 22.h4 Qxd4
23.exf6+ Qxf6 24.Qg4 Bc8 25.Rfe1 Rd8 26.hxg5 hxg5 27.Rf3 Rd4 28.Re4 Rxd2
29.Rxf6 Bxf6 30.Re5 Bd7 31.Rxg5+ Kf7 32.Rg6  1-0

[Event "Capablanca mem Open"]
[Site "Havana CUB"]
[Date "2006.11.29"]
[Round "9"]
[White "Hoi,C"]
[Black "Escobar Forero,A"]
[Result "1/2-1/2"]
[WhiteElo "2413"]
[BlackElo "2457"]

1.d4 d5 2.Nf3 Nf6 3.c4 c6 4.Nc3 e6 5.e3 Nbd7 6.Bd3 Bd6 7.O-O O-O 8.e4 dxc4
9.Bxc4 e5 10.Bg5 Qe7 11.d5 Rd8 12.h3 h6 13.Bh4 Nf8 14.Bb3 Ng6 15.Bg3 Nh7
16.Rc1 h5 17.Qd2 h4 18.Bh2 Qf6 19.Qe3 Bc7 20.dxc6 bxc6 21.Nd5 cxd5 22.Rxc7 Be6
23.exd5 Bxd5 24.Nxe5 Bxb3 25.axb3 Re8 26.Ng4 Qxb2 27.Qf3 Nf6 28.Nxf6+ Qxf6
29.Qxf6 gxf6 30.Rb7 a5 31.f4 Reb8 32.Rxb8+ Rxb8 33.f5 Ne5 34.Ra1 Rb5 35.Bxe5 fxe5
36.Ra4 Kg7 37.Rxh4 Rxb3 38.Ra4 Rb5 39.g4 Kh6 40.Kf2 Kg5 41.Kg3 Rb3+ 42.Kg2 Rb2+
43.Kg3 Rb3+ 44.Kg2 Kh4 45.Rxa5 Rg3+ 46.Kf2 Rxh3 47.Rxe5 Kxg4 48.Re4+ Kxf5
49.Ra4 Rd3 50.Rb4 Kg5 51.Ra4 Kf5 52.Ra5+  1/2-1/2

[Event "USCL Final"]
[Site "ICC INT"]
[Date "2006.11.29"]
[Round "1"]
[White "Krush,I"]
[Black "Pruess,D"]
[Result "0-1"]
[WhiteElo "2443"]
[BlackElo "2404"]

1.d4 d5 2.c4 c6 3.Nc3 Nf6 4.e3 e6 5.Nf3 Nbd7 6.Qc2 Bd6 7.Be2 O-O 8.O-O Re8
9.Rd1 Qe7 10.b3 dxc4 11.bxc4 e5 12.a4 e4 13.Nd2 Nf8 14.Nf1 Bg4 15.Qb3 Rad8
16.Ba3 Ng6 17.Ng3 Bxe2 18.Ncxe2 Bxa3 19.Qxa3 Qe6 20.Qb3 Rd7 21.h3 h5 22.Nc3 h4
23.Nge2 Red8 24.a5 Qf5 25.Qc2 c5 26.f3 cxd4 27.fxe4 Qc5 28.exd4 Qxc4 29.Qa2 Qxa2
30.Rxa2 Re7 31.e5 Nd5 32.Nxd5 Rxd5 33.Nc3 Rd8 34.Kf2 Red7 35.Rb2 a6 36.Ke3 Nxe5
37.dxe5 Rxd1 38.Nxd1 Rxd1 39.Rxb7 Rd5 40.Ke4 Rxa5 41.Ra7 Ra2 42.Kf3 Ra4 43.Ke3 Ra2
44.Kf3 Kf8 45.g4 Ra4 46.Ke3 a5 47.Kf3 g6 48.Ke3 Kg8 49.Kf3 Kf8 50.Ke3 Ra3+
51.Kf4 Rxh3 52.Kg5 Re3 53.Rxa5 h3 54.Kh4 h2 55.Ra1 Rxe5 56.Kg3 Re2 57.g5 Ke7  0-1

[Event "ch-ESP Abierto"]
[Site "Leon ESP"]
[Date "2006.11.29"]
[Round "8"]
[White "Franco Alonso,A"]
[Black "Baron Rodriguez,Je"]
[Result "1-0"]
[WhiteElo "2421"]
[BlackElo "2424"]

1.d4 d5 2.c4 c6 3.e3 e6 4.Nf3 Nf6 5.Nc3 Nbd7 6.Qc2 Bd6 7.Be2 O-O 8.O-O Qe7
9.c5 Bc7 10.e4 Nxe4 11.Nxe4 dxe4 12.Qxe4 Nf6 13.Qc2 Nd5 14.Re1 b6 15.Bg5 f6
16.cxb6 axb6 17.Bd2 Bd7 18.Bd3 g6 19.a3 Rfe8 20.h4 Qg7 21.Re2 Bd6 22.Rae1 Rac8
23.Ba6 Rc7 24.Bc4 Re7 25.b4 b5 26.Bb3 Ra7 27.Bc1 Ra8 28.g3 Rf8 29.Bd2 Ra8
30.Bc1 h6 31.Nd2 Rae8 32.Ne4 Bb8 33.Nc5 Bc8 34.Nd3 Bd7 35.Nc5 Bc8 36.Nd3 Bd7
37.Kg2 Kf7 38.Nc5 Bc8 39.Ne4 Bd7 40.Kg1 g5 41.h5 Kg8 42.Nc5 Bc8 43.Qd3 Qf7
44.Bc2 f5 45.Qf3 g4 46.Qh1 Qf6 47.Bb3 Kh7 48.Bb2 Ba7 49.Re5 Bb8 50.R5e2 Qf7
51.Qh4 Nf6 52.Kg2 Bd6 53.Nd3 Bb7 54.Nc5 Bc8 55.Nd3 Bb7 56.Nc5 Bc8 57.Bc2 Kg8
58.Bb3 Kh7 59.Ba2 Nd5 60.Bb3 e5 61.dxe5 Bxc5 62.bxc5 Nf4+ 63.gxf4 Qxb3 64.Qg3 Qf7
65.e6 Bxe6 66.Qc3 Bd5+ 67.Kg3 Be4 68.Kh4 g3 69.f3 Rg8 70.fxe4 Rg4+ 71.Kh3 Qxh5+
72.Kg2 Qh2+ 73.Kf3 Rxf4+ 74.Kxf4 Qh4+ 75.Kf3 fxe4+ 76.Rxe4 Rf7+ 77.Ke3 Qg5+
78.Kd3 Rf3+ 79.R1e3 Qd5+ 80.Ke2 Rxe3+  1-0

[Event "Capablanca mem Elite"]
[Site "Havana CUB"]
[Date "2006.11.30"]
[Round "10"]
[White "Bareev,E"]
[Black "Bruzon,L"]
[Result "1-0"]
[WhiteElo "2683"]
[BlackElo "2648"]

1.d4 d5 2.c4 c6 3.Nf3 Nf6 4.Nc3 e6 5.e3 Nbd7 6.Bd3 dxc4 7.Bxc4 b5 8.Bd3 b4
9.Ne4 Nxe4 10.Bxe4 Bb7 11.a3 bxa3 12.O-O Bd6 13.b3 Nf6 14.Nd2 Nxe4 15.Nxe4 Bxh2+
16.Kxh2 Qh4+ 17.Kg1 Qxe4 18.f3 Qd5 19.Bxa3 f6 20.Bc5 Kf7 21.Bxa7 Rhe8 22.Qc2 Kg8
23.b4 Qb5 24.Rfc1 h6 25.Qc3 Qg5 26.Rf1 Qg6 27.Ra5 Kh7 28.Rf2 e5 29.dxe5 Rxe5
30.Bd4 Raxa5 31.bxa5 Rb5 32.Rb2 Rxb2 33.Qxb2 Qg3 34.Bxf6 Ba6 35.Bc3 Qg5 36.Qb1+ Kh8
37.Qb8+ Kh7 38.Qb1+ Kh8 39.Qb8+ Kh7 40.Qe5 Qg6 41.Bd4 Be2 42.Kf2 Bc4 43.e4 Kg8
44.Qe7 Bb5 45.Bc3 h5 46.Bb2 Qh6 47.Bc3 Qg6 48.Bd2 Kh7 49.Qg5 Qd6 50.Qxh5+ Kg8
51.Qe8+ Kh7 52.Qh5+ Kg8 53.Qg5 Qd3 54.Qe3 Qf1+ 55.Kg3 Qc4 56.Bc3 Kh7 57.Qd4 Qf7
58.Qe5 Kg8 59.Qb8+ Kh7 60.Qf4 Qc4 61.Qe5  1-0

[Event "Capablanca mem Open"]
[Site "Havana CUB"]
[Date "2006.11.30"]
[Round "10"]
[White "Arencibia,W"]
[Black "Perez,Or"]
[Result "1-0"]
[WhiteElo "2530"]
[BlackElo "2415"]

1.d4 d5 2.c4 c6 3.Nc3 Nf6 4.e3 e6 5.Nf3 a6 6.c5 Nbd7 7.b4 b6 8.Bb2 Rb8 9.Qc2 bxc5
10.bxc5 Qa5 11.Be2 Ne4 12.Rc1 Be7 13.O-O f5 14.Ba1 Qc7 15.Rb1 Ra8 16.Na4 Bf6
17.Nb6 Ra7 18.Nxd7 Bxd7 19.Rb6 a5 20.Ne5 O-O 21.f3 Ng5 22.Qa4 Bxe5 23.dxe5 Nf7
24.Qd4 Rd8 25.Bc3 Be8 26.Bd3 Nh8 27.Rfb1 Ng6 28.Ba6 Rda8 29.Bb7 Rd8 30.f4 a4
31.a3 Bd7 32.Ba6 Rda8 33.Bd3 Kh8 34.Qb4 Rg8 35.Rb7 Rxb7 36.Qxb7 Qd8 37.Bc2 Nh4
38.g3 g5 39.Bd1 gxf4 40.exf4 Qf8 41.Bd4 Be8 42.Kh1 Ng6 43.Qa6 Qh6 44.Qf1 Nf8
45.Qf3 Qh3 46.Bxa4 Ng6 47.Qf1 Qh6 48.Bc2 Ne7 49.Rb7 Rxg3 50.Rxe7 Bh5 51.Rxe6 Qg7
52.Re8+ Bxe8 53.hxg3 Qg4 54.Bd1 Qg6 55.a4  1-0

[Event "75th ch-UKR w"]
[Site "Odessa UKR"]
[Date "2006.12.01"]
[Round "6"]
[White "Ushenina,A"]
[Black "Gaponenko,I"]
[Result "1/2-1/2"]
[WhiteElo "2430"]
[BlackElo "2448"]

1.d4 d5 2.c4 e6 3.Nc3 c6 4.e3 Nf6 5.Nf3 a6 6.Qc2 c5 7.cxd5 exd5 8.Be2 Nc6
9.O-O Be6 10.Rd1 Nb4 11.Qd2 Ne4 12.Nxe4 dxe4 13.Ne1 c4 14.b3 Nd3 15.bxc4 Bb4
16.Qc2 Bxe1 17.Bxd3 exd3 18.Qxd3 Bb4 19.Rb1  1/2-1/2

[Event "XV Asiad Women's Rapid"]
[Site "Doha QAT"]
[Date "2006.12.02"]
[Round "3"]
[White "Geldyeva,M"]
[Black "Sukandar,I"]
[Result "1-0"]
[WhiteElo "2273"]
[BlackElo "2239"]

1.d4 d5 2.c4 c6 3.Nc3 Nf6 4.e3 e6 5.Nf3 Nbd7 6.Bd3 Bd6 7.cxd5 exd5 8.O-O O-O
9.Rb1 Re8 10.Qc2 Nf8 11.h3 g6 12.b4 Ne4 13.b5 Bf5 14.bxc6 bxc6 15.Ne2 Rc8
16.Rb7 Qf6 17.Ne5 Re7 18.Rxe7 Qxe7 19.f3 c5 20.fxe4 dxe4 21.Ba6 cxd4 22.Nc6 Rxc6
23.Qxc6 d3 24.Nf4 g5 25.Qd5 Bd7 26.Nh5 Ba4  1-0

[Event "XV Asiad Men's Rapid"]
[Site "Doha QAT"]
[Date "2006.12.03"]
[Round "6"]
[White "Dao Thien Hai"]
[Black "Kazhgaleyev,M"]
[Result "1/2-1/2"]
[WhiteElo "2557"]
[BlackElo "2609"]

1.d4 d5 2.c4 c6 3.Nc3 Nf6 4.e3 e6 5.Nf3 a6 6.b3 c5 7.cxd5 cxd4 8.Qxd4 exd5
9.Be2 Nc6 10.Qd3 Bd6 11.O-O O-O 12.Bb2 Be6 13.Rad1 Bc7 14.Qb1 Qe7 15.e4 Rad8
16.exd5 Nxd5 17.Bd3 h6 18.Rfe1 Qb4 19.Qa1 Nf4 20.Be4 Rxd1 21.Nxd1 Nh5  1/2-1/2

[Event "XV Asiad Women's Rapid"]
[Site "Doha QAT"]
[Date "2006.12.03"]
[Round "6"]
[White "Geldyeva,M"]
[Black "Nakagawa,E"]
[Result "1-0"]
[WhiteElo "2273"]
[BlackElo "1933"]

1.d4 d5 2.c4 c6 3.e3 Nf6 4.Nc3 e6 5.Nf3 Nbd7 6.Bd3 dxc4 7.Bxc4 Bd6 8.O-O O-O
9.Qc2 a6 10.Rd1 Qc7 11.h3 c5 12.Bf1 e5 13.dxe5 Nxe5 14.Nxe5 Bxe5 15.e4 Be6
16.Ne2 Rad8 17.Be3 b6 18.f4 Bxb2 19.Qxb2 Nxe4 20.Nc3 Nxc3 21.Qxc3 Rxd1 22.Rxd1 Bxa2
23.Bxa6 Ra8 24.Be2 Be6 25.Bf3 Rb8 26.Be4 f6 27.Qc2 g6 28.f5 gxf5 29.Bxf5 Bxf5
30.Qxf5 Qe5 31.Qxe5 fxe5 32.Rb1 c4 33.Rxb6 Rxb6 34.Bxb6 Kf7 35.Kf2 Ke6 36.Ke3 Kd5
37.Ba5  1-0

[Event "XV Asiad Men's Rapid"]
[Site "Doha QAT"]
[Date "2006.12.04"]
[Round "7"]
[White "Hassan,Ab"]
[Black "Kojima,S"]
[Result "1/2-1/2"]
[WhiteElo "2311"]
[BlackElo "2187"]

1.d4 d5 2.Nf3 Nf6 3.c4 c6 4.e3 e6 5.Nc3 Nbd7 6.Bd3 a6 7.O-O Bd6 8.Qc2 dxc4
9.Bxc4 O-O 10.Rd1 b5 11.Be2 Qc7 12.e4 e5 13.Be3 Ng4 14.h3 Nxe3 15.fxe3 Re8
16.Rac1 Bb7 17.Nd5 Qd8 18.dxe5 Nxe5 19.Nf4 Qf6 20.Nd3 Nc4 21.e5 Nxe5 22.Ndxe5 Bxe5
23.Rd7 Bc8 24.Rd2 Be6 25.b3 Rac8 26.Rf1 Qh6 27.e4 Bf4 28.Rdd1 c5 29.Nh2 Bxh2+
30.Kxh2 c4 31.b4 Qg5 32.Qc3 Red8 33.Rxd8+ Rxd8 34.Kg1 g6 35.Rd1 Rxd1+ 36.Bxd1 Qf4
37.Bf3 f6 38.Kf2 Qe5 39.Qd2 Qc7 40.Qc3 Kf7 41.Ke3 Qe5 42.Qd4 Qxd4+ 43.Kxd4 Ke7
44.Kc5 c3 45.Bd1 Bxa2 46.Kd4 Bb1 47.Kxc3 Bxe4 48.g3 Kd6 49.Kd4 Bg2 50.h4 h6
51.Bg4 Bb7 52.Be2 Bc8 53.Bf3 g5 54.hxg5 fxg5 55.g4 Be6 56.Be2 Bd5 57.Bd1 Ke6
58.Kc5 Ke5 59.Kb6 Kd4 60.Kxa6 Bc4 61.Kb6 Ke3 62.Kc5 Kf4 63.Ba4 Kxg4 64.Bxb5 Bxb5
65.Kxb5 h5 66.Kc5 h4 67.b5 h3 68.b6 h2 69.b7 h1=Q 70.b8=Q Qc1+ 71.Kd5 Qf4
72.Qh8 Kg3 73.Qa1 Qf5+ 74.Kd6 Qd3+ 75.Ke5 Qe3+ 76.Kf5 g4 77.Kg6 Kg2 78.Qa2+ Kh3
79.Qd5 Qf3 80.Qh5+ Kg2 81.Qc5 g3 82.Kg5 Qf2 83.Qc3 Kh2 84.Qh8+ Kg1 85.Qa1+ Qf1
86.Qb2 Qf2 87.Qc3 Qe2 88.Kf4 Qf1+ 89.Kg4 Qd1+ 90.Kf4 Qd6+ 91.Kg4 Qg6+ 92.Kf4 Qg8
93.Qf3  1/2-1/2

[Event "XV Asiad Men's Rapid"]
[Site "Doha QAT"]
[Date "2006.12.04"]
[Round "7"]
[White "Batchuluun,C"]
[Black "Russell,MKA"]
[Result "1-0"]
[WhiteElo "2404"]
[BlackElo "2234"]

1.d4 d5 2.c4 c6 3.Nf3 Nf6 4.Nc3 e6 5.e3 Nbd7 6.Bd3 dxc4 7.Bxc4 b5 8.Bd3 Bb7
9.e4 b4 10.Na4 c5 11.e5 Nd5 12.O-O cxd4 13.Re1 Be7 14.Nxd4 O-O 15.Qg4 Re8
16.Nf3 Qa5 17.b3 Nc3 18.Bh6 g6 19.Ng5 Nxe5 20.Qf4 f6 21.Nxc3 Nxd3 22.Qc4 Bd5
23.Qxd3 fxg5 24.Qd4 Bf8 25.Bxf8 Rxf8 26.Nxd5 Qxd5 27.Qxb4 Rf4 28.Qe7 Rf7
29.Qxe6 Qxe6 30.Rxe6 Rc8 31.Re2 Rc5 32.Rd1 Rfc7 33.f3 a5 34.Rd4 Kg7 35.Kf2 h5
36.Rd6 R5c6 37.Rd5 Rc5 38.Rd6 R5c6 39.Rd8 Rc2 40.Red2 Kf6 41.Ke2 Re7+ 42.Kd1 Rc5
43.R8d5 Rec7 44.Rxc5 Rxc5 45.Ke2 Ke5 46.Kd3 Rd5+ 47.Kc3 Rc5+ 48.Kb2 h4 49.h3 Kf4
50.Rd4+ Ke3 51.Rg4 Kd3 52.Ka3 Rf5 53.Ka4 Ke3 54.a3 Kf2 55.b4 axb4 56.axb4 Kg1
57.b5 Rf4+ 58.Kb3 Rxg4 59.fxg4 Kxg2 60.b6 Kxh3 61.b7 Kxg4 62.b8=Q Kh3 63.Kc2 g4
64.Kd2 Kg2 65.Qb7+ Kh2 66.Qe4 Kh3 67.Ke2 g3 68.Kf3 g5 69.Qe6+  1-0

[Event "XV Asiad Men's Rapid"]
[Site "Doha QAT"]
[Date "2006.12.04"]
[Round "8"]
[White "Samhouri,A"]
[Black "Ayyad,M"]
[Result "0-1"]
[WhiteElo "2336"]
[BlackElo "2137"]

1.d4 d5 2.c4 e6 3.Nc3 Nf6 4.Nf3 c6 5.e3 Nbd7 6.Qc2 Bd6 7.b3 O-O 8.Bd3 Qe7
9.Bb2 Re8 10.O-O dxc4 11.Bxc4 e5 12.Ne4 Nxe4 13.Qxe4 Nf6 14.Qh4 exd4 15.Nxd4 Ne4
16.Qxe7 Rxe7 17.Rfd1 Bc7 18.Ba3 Re8 19.f3 Nf6 20.e4 Nd7 21.Kf2 Nf8 22.g3 Bb6
23.Kg2 Bxd4 24.Rxd4 Be6 25.Be2 Red8 26.Rad1 Rxd4 27.Rxd4 Rc8 28.f4 g6 29.g4 c5
30.Ra4 a6 31.f5 Bd7 32.Ra5 Bc6 33.Rxc5 Bxe4+ 34.Bf3 Bxf3+ 35.Kxf3 Rxc5 36.Bxc5 gxf5
37.gxf5 Nd7 38.Bd4 Kf8 39.Ke4 Ke7 40.Kd5 Nf6+ 41.Bxf6+ Kxf6 42.Ke4 Kg5 43.Ke5 b6
44.a3 h6 45.h3 h5 46.b4 b5 47.f6 h4  0-1

[Event "XV Asiad Men's Rapid"]
[Site "Doha QAT"]
[Date "2006.12.04"]
[Round "9"]
[White "Adianto,U"]
[Black "Gundavaa,B"]
[Result "1/2-1/2"]
[WhiteElo "2589"]
[BlackElo "2237"]

1.d4 d5 2.c4 c6 3.Nc3 Nf6 4.Nf3 e6 5.e3 Nbd7 6.Bd3 dxc4 7.Bxc4 b5 8.Bd3 Bb7
9.O-O a6 10.a4 b4 11.Ne4 c5 12.Ned2 Be7 13.Re1 O-O 14.e4 cxd4 15.e5 Nd5 16.Nb3 Qb6
17.a5 Qc7 18.Qe2 Rfd8 19.Qe4 Nf8 20.Qg4 Qd7 21.Bg5 Bxg5 22.Nc5 Qc7 23.Nxb7 Qxb7
24.Nxg5 Qe7 25.h4 b3 26.Rad1 Nb4 27.Re4 Nxd3 28.Rxd3 Rd5 29.Rdxd4 Rad8 30.Nf3 Rxa5
31.h5 h6 32.Re3 Rxd4 33.Nxd4 Qg5 34.Qxg5 hxg5 35.g4 Ra4 36.Rd3 Nd7 37.Nxe6 Rxg4+
38.Kf1 fxe6 39.Rxd7 a5 40.Re7 a4 41.Ra7 Re4 42.f3 Rxe5 43.Rxa4 Rc5 44.Re4 Rc1+
45.Kg2 Rc2+ 46.Kg3 Kf7 47.Rb4 Rxb2 48.Rb5 Kf6 49.Rb6 Rb1 50.Kg2 Kf5 51.Rb5+ Kf4
52.Rb4+ Ke3 53.Re4+ Kd3 54.Rxe6 Rb2+ 55.Kg3 Re2 56.Rd6+ Kc2 57.Rc6+ Kd1 58.Kg4 b2
59.Rb6 Kc1 60.Kxg5 b1=Q 61.Rxb1+ Kxb1 62.f4 Rg2+ 63.Kf5 Kc2 64.Ke6 Kd3 65.f5 Ke4
66.f6 gxf6 67.Kxf6 Rh2 68.Kg6 Ke5 69.h6 Ke6 70.Kg7 Rg2+ 71.Kf8 Rh2 72.Kg7 Rg2+
73.Kf8 Kf6 74.h7 Rh2 75.Kg8 Rg2+ 76.Kf8 Rh2 77.Kg8  1/2-1/2

[Event "XV Asiad Women's Rapid"]
[Site "Doha QAT"]
[Date "2006.12.04"]
[Round "9"]
[White "Zhao Xue"]
[Black "Sukandar,I"]
[Result "1-0"]
[WhiteElo "2467"]
[BlackElo "2239"]

1.d4 d5 2.c4 c6 3.Nc3 Nf6 4.e3 e6 5.Nf3 Nbd7 6.Qc2 Bd6 7.b3 O-O 8.Be2 b6
9.O-O Bb7 10.Bb2 Qe7 11.Rad1 e5 12.dxe5 Nxe5 13.cxd5 cxd5 14.Qf5 Bc8 15.Qb1 Bb7
16.Nb5 Nxf3+ 17.Bxf3 Rfd8 18.Nxd6 Qxd6 19.Rd2 Qe7 20.Qa1 Ne4 21.Rd4 Ng5 22.Bg4 Ne6
23.Rdd1 Nc5 24.Bf3 Qg5 25.Rd4 Ne4 26.Rfd1 Re8 27.Rc1 Rac8 28.Rxc8 Bxc8 29.Qf1 h5
30.Qb5 Qe7 31.Rxd5 Nc5 32.Rd1 Ba6 33.Qb4 Qg5 34.h4 Qg6 35.Ba1 Qc2 36.Qd2 Qg6
37.Qd5 Bb7 38.Qxh5 Qc2 39.Bxb7 Nxb7 40.Qg4 g6 41.Qd4 Kf8 42.Qh8+ Ke7 43.Bf6+  1-0

[Event "XV Asiad Men's Rapid"]
[Site "Doha QAT"]
[Date "2006.12.04"]
[Round "9"]
[White "Nguyen Anh Dung"]
[Black "Al Modiahki,M"]
[Result "1/2-1/2"]
[WhiteElo "2541"]
[BlackElo "2550"]

1.d4 d5 2.c4 c6 3.Nf3 Nf6 4.e3 e6 5.Nc3 Nbd7 6.Bd3 dxc4 7.Bxc4 b5 8.Bd3 b4
9.Ne4 Nxe4 10.Bxe4 Bb7 11.O-O Bd6 12.Bd2 O-O 13.Qa4 Qb6 14.Rfc1 Rfc8 15.Rc2 Nf6
16.Bd3 c5 17.Rac1 h6 18.Ne5 Bxe5 19.dxe5 Bc6 20.Qa6 Nd7 21.f4 Rd8 22.Be1 Bb7
23.Qb5 Bc6 24.Qa6 Bb7 25.Qb5 Bc6 26.Qa6 Bb7  1/2-1/2

[Event "Open A"]
[Site "Benidorm ESP"]
[Date "2006.12.05"]
[Round "5"]
[White "Goormachtigh,J"]
[Black "Martin Perez,J"]
[Result "1/2-1/2"]
[WhiteElo "2235"]
[BlackElo "2280"]

1.d4 d5 2.c4 c6 3.Nf3 Nf6 4.Nc3 e6 5.e3 Nbd7 6.Bd3 Bd6 7.e4 dxe4 8.Nxe4 Nxe4
9.Bxe4 e5 10.O-O O-O 11.Nxe5 Nxe5 12.dxe5 Bxe5 13.Bxh7+ Kxh7 14.Qh5+ Kg8
15.Qxe5 Re8 16.Qc3 Qh4 17.b3 Re6 18.Qg3 Qxg3 19.hxg3 Re2 20.Bf4 Bf5 21.Rfe1 Rae8
22.Be3 Rxe1+ 23.Rxe1 a5 24.Rd1 a4  1/2-1/2